Alcunhas de cidades portuguesas - Statistics

Estatísticas Gerais
  • Esse quiz foi jogado 116 vezes
  • A pontuação média é 11 de 19
Estatísticas das Respostas
Dica Resposta % Correto
Cidade Invicta Porto
99%
Cidade das Sete Colinas Lisboa
93%
Veneza Portuguesa Aveiro
89%
Cidade dos Arcebispos Braga
86%
Berço da Nação Guimarães
86%
Cidade do Conhecimento Coimbra
83%
Cidade das Rotundas Viseu
78%
Capital do Móvel Paços de Ferreira
76%
Capital da Cereja Fundão
60%
Capital do Gótico Santarém
58%
Cidade dos Templários Tomar
57%
Cidade dos 5 F's Guarda
56%
Cidade dos Sete Conventos Portalegre
39%
Cidade Fábrica Covilhã
34%
Princesa do Tua Mirandela
34%
Capital do Calçado São João da Madeira
28%
Cidade dos Azulejos Ovar
20%
Cidade Falcão Pinhel
14%
Cidade do Desporto Rio Maior
14%
Nenhum quiz correspondente encontrado
Distribuição das Pontuações
Porcentagem de Pessoas com Cada Pontuação
Percentil de Números Respondidos
Sua Pontuação Histórica
Você não jogou esse quiz